Tvorivé modelovanie prichádzajúcej budúcnosti

Vplyv vedeckotechnického pokroku na cyklický vývoj ekonomiky. Vysoké tempo napredovania rozvoja vedy, techniky a technológií. Metodické prístupy k formulácii predstáv o úspešnosti podniku. Budúcnosť Európy - transformácia na konkurencieschopnú a dynamickú oblasť. Technologické predvídanie (Technolog...

ver descrição completa

Na minha lista:
Detalhes bibliográficos
Autor principal: Tuma, Miroslav
Formato: Capítulo de Livro
Idioma:eslovaco
Assuntos:
Tags: Adicionar Tag
Sem tags, seja o primeiro a adicionar uma tag!

MARC

LEADER 00000naa$a2200000$$$4500
001 0024457
005 20231108132022.3
041 0 |a slo 
044 |a SK 
245 1 0 |a Tvorivé modelovanie prichádzajúcej budúcnosti  |c Miroslav Tuma 
520 |a Vplyv vedeckotechnického pokroku na cyklický vývoj ekonomiky. Vysoké tempo napredovania rozvoja vedy, techniky a technológií. Metodické prístupy k formulácii predstáv o úspešnosti podniku. Budúcnosť Európy - transformácia na konkurencieschopnú a dynamickú oblasť. Technologické predvídanie (Technology Foresight). Inovácie ako kľúčové stimuly hospodárskeho rastu (vedeckotechnické parky, technologické inkubátory, centrá transferu technológií). Realizácia hospodárskych zmien. Negatívne vplyvy konfliktov v medziľudských vzťahoch. Úloha vedúcich. Motorika vysokej výkonnosti vynikajúcich zamestnancov. 
610 2 0 |a pokrok vedeckotechnický 
610 2 0 |a cykly hospodárske 
610 2 0 |a vízie 
610 2 0 |a podnik 
610 2 0 |a výskum základný 
610 2 0 |a predvídanie 
610 2 0 |a technológie nové 
610 2 0 |a inovácia 
610 2 0 |a parky vedeckotechnické 
610 2 0 |a inkubátory podnikateľské 
610 2 0 |a vzťahy medziľudské 
610 2 0 |a pracovníci vedúci 
610 2 0 |a výkony pracovné 
610 2 0 |a pracovníci tvoriví 
100 1 |a Tuma, Miroslav